España sagrada, continuada por la Real Academia de la Historia. (Record no. 174620)
[ view plain ]
| 000 -LEADER | |
|---|---|
| campo de control de longitud fija | 01408nam a2200325 4500 |
| 001 - NÚMERO DE CONTROL | |
| campo de control | 174620 |
| 003 - IDENTIFICADOR DE NÚMERO DE CONTROL | |
| campo de control | ES-MaACL |
| 005 - FECHA Y HORA DE LA ÚLTIMA TRANSACCIÓN | |
| campo de control | 20250831072605.0 |
| 008 - DATOS DE LONGITUD FIJA--INFORMACIÓN GENERAL | |
| campo de control de longitud fija | 100512s1865 sp bp |||| | spa d |
| 080 ## - NÚMERO DE LA CLASIFICACIÓN DECIMAL UNIVERSAL | |
| Número de la Clasificación Decimal Universal | 27(460) |
| 100 1# - ENTRADA PRINCIPAL--NOMBRE DE PERSONA | |
| Nombre de persona | Flórez, Enrique, |
| Fechas asociadas al nombre | 1702-1773 |
| 9 (RLIN) | 142679 |
| 240 10 - TÍTULO UNIFORME | |
| Título uniforme | España sagrada |
| 245 10 - MENCIÓN DEL TÍTULO | |
| Título | España sagrada, continuada por la Real Academia de la Historia. |
| Número de parte o sección de la obra | Tomo XLIX, |
| Nombre de parte o sección de la obra | Tratado LXXXVII |
| Resto del título | : la santa iglesia de Tarazona en sus estados antiguo y moderno / |
| Mención de responsabilidad, etc. | por Vicente de la Fuente. |
| 260 ## - PUBLICACIÓN, DISTRIBUCIÓN, ETC. | |
| Lugar de publicación, distribución, etc. | Madrid : |
| Nombre del editor, distribuidor, etc. | imprenta José Rodríguez, |
| Fecha de publicación, distribución, etc. | 1865. |
| 300 ## - DESCRIPCIÓN FÍSICA | |
| Extensión | XVI, 519 p., [1] h. mapa pleg. ; |
| Dimensiones | 20 cm. |
| 500 ## - NOTA GENERAL | |
| Nota general | La h. de lám. pleg. mapa del obispado de Tarazona. |
| 504 ## - NOTA DE BIBLIOGRAFÍA, ETC. | |
| Nota de bibliografía, etc. | Apéndices, p.315-508. |
| 504 ## - NOTA DE BIBLIOGRAFÍA, ETC. | |
| Nota de bibliografía, etc. | Índice alfabético de las cosas notables del tomo. |
| 530 ## - NOTA DISPONIBLE DE FORMULARIO FÍSICO ADICIONAL | |
| Nota de formato físico adicional disponible | Disponible en formato digital. |
| 546 ## - NOTA DE IDIOMA | |
| Nota de lengua/lenguaje | Textos de los apéndices en latín. |
| 650 #7 - PUNTO DE ACCESO ADICIONAL DE MATERIA--TÉRMINO DE MATERIA | |
| Término de materia o nombre geográfico como elemento de entrada | Historia eclesiástica |
| Fuente del encabezamiento o término | embne |
| 9 (RLIN) | 13400 |
| 651 #4 - PUNTO DE ACCESO ADICIONAL DE MATERIA--NOMBRE GEOGRÁFICO | |
| Nombre geográfico | España- |
| Subdivisión general | Historia eclesiástica. |
| 9 (RLIN) | 8368 |
| 651 #4 - PUNTO DE ACCESO ADICIONAL DE MATERIA--NOMBRE GEOGRÁFICO | |
| Nombre geográfico | Tarazona (Diócesis)- |
| Subdivisión general | Historia eclesiástica. |
| 9 (RLIN) | 142801 |
| 700 1# - ENTRADA AGREGADA--NOMBRE PERSONAL | |
| Nombre de persona | Fuente, Vicente de la, |
| Fechas asociadas al nombre | 1817-1889 |
| 9 (RLIN) | 52857 |
| 710 2# - ENTRADA AGREGADA--NOMBRE DE ENTIDAD CORPORATIVA | |
| Nombre de entidad corporativa o nombre de jurisdicción como elemento de entrada | Real Academia de la Historia (España) |
| 9 (RLIN) | 6309 |
| 852 4# - LOCALIZACIÓN | |
| Ubicación | ES-MaACL |
| Número de control de estantería | R-1617-69 |
| Encuadernación | C-16767-818 |
| 856 ## - LOCALIZACIÓN Y ACCESO ELECTRÓNICOS | |
| Identificador Uniforme de Recursos | <a href="https://archive.org/details/espaasagradathe34palegoog/page/n9 ">https://archive.org/details/espaasagradathe34palegoog/page/n9 </a> |
| Nota pública | Internet Archive |
| Estatus retirado | Estado de pérdida | Estado de daño | No para préstamo | Colección | Biblioteca de origen | Biblioteca actual | Ubicación en estantería | Fecha de adquisición | Fuente de adquisición | Total de préstamos | Signatura topográfica completa | Código de barras | Visto por última vez | Precio de reemplazo | Tipo de ítem Koha |
|---|---|---|---|---|---|---|---|---|---|---|---|---|---|---|---|
| Colección digital | Biblioteca del Ateneo de Madrid | Biblioteca del Ateneo de Madrid | Depósito | 12/05/2010 | R-1665 | 1183315 | 23/02/2023 | 23/02/2023 | Libro impreso antiguo |
